书目信息 |
| 题名: |
中式菜肴制作技术
|
|
| 作者: | 尹敏 编著 | |
| 分册: | ||
| 出版信息: | 成都 四川科学技术出版社 2011 |
|
| 页数: | 16,316页 | |
| 开本: | 24cm | |
| 丛书名: | ||
| 单 册: | ||
| 中图分类: | TS972.117 | |
| 科图分类: | ||
| 主题词: | 烹饪--方法--中国 , 烹饪 | |
| 电子资源: | ||
| ISBN: | 978-7-5364-7110-8 | |
| 000 | 00768nam0 2200229 450 | |
| 001 | 2376841320 | |
| 005 | 20231110085201.02 | |
| 010 | @a978-7-5364-7110-8@dCNY62.00 | |
| 100 | @a20110428d2011 em y0chiy50 ea | |
| 101 | 0 | @achi |
| 102 | @aCN@b510000 | |
| 105 | @aa z 000yy | |
| 200 | 1 | @a中式菜肴制作技术@Azhong shi cai yao zhi zuo ji shu@f尹敏编著 |
| 210 | @a成都@c四川科学技术出版社@d2011 | |
| 215 | @a16,316页@c图@d24cm | |
| 330 | @a本书介绍了中式菜肴制作理念和菜肴制作技术,讲解了菜肴的地方文化,以及每种菜的基础构架、原料、用具、调味料、调味技术、加热工具、烹调方法等。 | |
| 606 | 0 | @a烹饪@x方法@y中国 |
| 606 | 0 | @a烹饪 |
| 690 | @aTS972.117@v5 | |
| 701 | 0 | @a尹敏@Ayin min@c(烹饪)@4编著 |
| 801 | 0 | @aCN@b安徽时代@c20230923 |
| 905 | @aBZT@dTS972.117@e10 | |
| 中式菜肴制作技术/尹敏编著.-成都:四川科学技术出版社,2011 |
| 16,316页:图;24cm |
| ISBN 978-7-5364-7110-8:CNY62.00 |
| 本书介绍了中式菜肴制作理念和菜肴制作技术,讲解了菜肴的地方文化,以及每种菜的基础构架、原料、用具、调味料、调味技术、加热工具、烹调方法等。 |
| ● |
| 相关链接 |
|
|
|
正题名:中式菜肴制作技术
索取号:TS972.117/10
 
预约/预借
| 序号 | 登录号 | 条形码 | 馆藏地/架位号 | 状态 | 备注 |
| 1 | 2000925989 | 2000925989 | 315书库/四28架A面6层2列/ [索取号:TS972.117/10] | 在馆 | |
| 2 | 2000925990 | 2000925990 | 315书库/四28架A面6层2列/ [索取号:TS972.117/10] | 在馆 | |
| 3 | 2000925991 | 2000925991 | 315书库/四28架A面6层2列/ [索取号:TS972.117/10] | 在馆 | |
| 4 | 2000925992 | 2000925992 | 315书库/四28架A面6层2列/ [索取号:TS972.117/10] | 在馆 | |
| 5 | 2000925993 | 2000925993 | 315书库/四28架A面6层2列/ [索取号:TS972.117/10] | 在馆 | |
| 6 | 2000925994 | 2000925994 | 315书库/四28架A面6层2列/ [索取号:TS972.117/10] | 在馆 |